Statistics for Illinois Counties Quiz

Click here to take the quiz!

General Stats

  • This quiz has been taken 7,539 times
  • The average score is 45 of 102

Answers on the Map

Answers color-coded by a green-red scale on the quiz's map according to % correct below.
Loading ...
 

Answer Stats

County% Correct
Cook
91%
Lake
74%
Will
71%
DuPage
69%
Washington
69%
Adams
67%
Jackson
66%
Jefferson
65%
Peoria
65%
Madison
64%
Champaign
62%
Monroe
61%
Kane
60%
Kankakee
59%
Johnson
54%
DeKalb
54%
McHenry
53%
Rock Island
53%
Franklin
52%
White
52%
La Salle
51%
Boone
50%
Winnebago
50%
Henry
49%
Lee
49%
Greene
48%
Jo Daviess
47%
Hamilton
47%
Ford
47%
Clinton
47%
Iroquois
47%
Sangamon
47%
Clark
46%
Brown
46%
Grundy
46%
Kendall
46%
Marion
45%
Union
45%
Clay
44%
Montgomery
44%
St. Clair
44%
Calhoun
44%
Vermilion
44%
Wayne
43%
Putnam
43%
Effingham
43%
Fulton
43%
Carroll
42%
Warren
42%
Hancock
42%
Alexander
42%
Macon
41%
Mason
41%
Cass
41%
Tazewell
41%
Pike
41%
McLean
41%
Pulaski
40%
Fayette
40%
Livingston
40%
Douglas
40%
Knox
40%
Marshall
39%
Jasper
39%
Ogle
39%
Williamson
38%
Macoupin
38%
Shelby
38%
De Witt
38%
Massac
37%
Edwards
37%
Randolph
37%
Crawford
37%
Coles
37%
Lawrence
37%
Bureau
37%
Morgan
37%
Whiteside
37%
Stephenson
37%
Perry
36%
Wabash
36%
Scott
36%
Logan
36%
Pope
35%
Christian
35%
Mercer
35%
Jersey
35%
Hardin
34%
Edgar
34%
Cumberland
34%
Stark
34%
Woodford
34%
Schuyler
33%
Henderson
33%
Piatt
33%
Gallatin
33%
Saline
32%
Bond
32%
Richland
31%
McDonough
31%
Moultrie
30%
Menard
30%

Score Distribution

Percentile by Number Answered

Percent of People with Each Score

Your Score History

You have not taken this quiz